The Theory and practice of Industrial Pharmacy (Record no. 17074)

000 -LEADER
fixed length control field 00275nam a22001097a 4500
008 - FIXED-LENGTH DATA ELEMENTS--GENERAL INFORMATION
fixed length control field 140417t xxu||||| |||| 00| 0 eng d
020 ## - INTERNATIONAL STANDARD BOOK NUMBER
International Standard Book Number 0-8121-0977-5
100 ## - MAIN ENTRY--PERSONAL NAME
Personal name Leon Lachman
9 (RLIN) 827
245 ## - TITLE STATEMENT
Title The Theory and practice of Industrial Pharmacy
300 ## - PHYSICAL DESCRIPTION
Extent 902
942 ## - ADDED ENTRY ELEMENTS (KOHA)
Source of classification or shelving scheme
Koha item type Book
Holdings
Withdrawn status Lost status Source of classification or shelving scheme Damaged status Not for loan Collection code Permanent Location Current Location Date acquired Total Checkouts Full call number Barcode Date last seen Date last checked out Price effective from Koha item type
            Atta-ur-Rahman School of Applied Biosciences (ASAB) Atta-ur-Rahman School of Applied Biosciences (ASAB) 04/17/2014 2 615.1 LAC ASAB454 03/22/2017 06/03/2016 04/17/2014 Book
© 2023 Central Library, National University of Sciences and Technology. All Rights Reserved.